No quick fixes : perspectives on schools in difficulty /

Bibliographic Details
Other Authors: Stoll, Louise, 1956-, Myers, Kate
Format: Book
Language:English
Published: London ; Washington, D.C. : Falmer Press, 1998.
Subjects:

MARC

Tag First Indicator Second Indicator Subfields
LEADER 00000cam a2200000 a 4500
001 in00001405921
005 20151020072305.0
008 980311s1998 enk b 001 0 eng
010 |a  98124878  
020 |a 0750707143 
020 |a 0750706740 (pbk.) 
035 |a (OCoLC)38856410 
035 |9 AHQ2643AM 
040 |a DLC  |c DLC  |d TXA  |d UtOrBLW 
043 |a e-uk--- 
049 |a TXAM 
050 0 0 |a LB2900.5  |b .N6 1998 
245 0 0 |a No quick fixes :  |b perspectives on schools in difficulty /  |c edited by Louise Stoll and Kate Myers. 
264 1 |a London ;  |a Washington, D.C. :  |b Falmer Press,  |c 1998. 
300 |a 253 pages ;  |c 25 cm. 
336 |a text  |b txt  |2 rdacontent 
337 |a unmediated  |b n  |2 rdamedia 
338 |a volume  |b nc  |2 rdacarrier 
504 |a Includes bibliographical references and index. 
650 0 |a School management and organization  |z Great Britain. 
650 0 |a School improvement programs  |z Great Britain. 
650 0 |a Educational productivity  |z Great Britain. 
650 0 |a Education and state  |z Great Britain. 
650 0 |a Educational leadership  |z Great Britain. 
700 1 |a Stoll, Louise,  |d 1956- 
700 1 |a Myers, Kate. 
948 |a c:ce 
999 |a MARS 
999 f f |s fff3595b-dedd-35f8-b5b7-4f37f8718faa  |i 84b1e90b-f0d3-3469-9531-a3ff3ec947e8  |t 0 
952 f f |p normal  |a Texas A&M University  |b College Station  |c Sterling C. Evans Library  |d Evans: Library Stacks  |t 0  |e LB2900.5 .N6 1998  |h Library of Congress classification  |i unmediated -- volume  |m A14823438431 
998 f f |a LB2900.5 .N6 1998  |t 0  |l Evans: Library Stacks